000 00800nam a22002177a 4500
003 OSt
005 20260223083746.0
008 260223b |||||||| |||| 00| 0 eng d
020 _a978-621-04-2164-4
040 _aDWC-Main lib
_cOC
082 _aFil. 372.64 B939c 2021
100 _aBulusan, Ferdinand
245 _aA course module for teaching literacy in the elementary grades through literature/
_cFerdinand Bulusan
260 _aManila, Philippines:
_bRex Book Store,
_c c2021.
300 _aviii, 218 pages:
_billustration; 25 cm
_c25 cm.
504 _aIncludes bibliographical references and index.
650 _a1. 1. Literature -- study and teaching -- elementary grades.
700 _aMarcelo Revibes Raquepo
700 _aIrene Blanco-Hamada
942 _2ddc
_cBK - FIL
_kFil.
_n0
999 _c8502
_d8502